000 00636nam a2200205Ii 4500
003 JO-AjNU
008 230605s9999||||xx |||||||||||||| ||und||
017 _a2006/2/233
040 _aJO-AjNU
_bara
_erda
_cJO-AjNU
041 _aara
050 1 4 _aPJ7814 2006
100 3 _aتأليف المدني،محمد جميل,
_eauthor
_913667
245 0 0 _aالصدأ.....الصدأ: رواية من الواقع
264 3 1 _aعمان:المؤلف،2006
300 _a93ص
336 _atext
_btxt
_2rdacontent
337 _aunmediated
_bn
_2rdamedia
338 _avolume
_bnc
_2rdacarrier
650 4 _aالأدب العربي - قصص
_913668
999 _aA3462
_c7030
_d7030